| LEADER |
01047nam0a2200217 450 |
| 001 |
16834272 |
| 010 |
|
|
|a 978-2-07-061480-6
|b Br.
|d 6,9
|
| 100 |
|
|
|a 20080228d2008 u u0frey01 ba
|
| 101 |
0 |
|
|a fre
|
| 102 |
|
|
|a FR
|
| 200 |
0 |
|
|a Chine (La)
|f Elisabeth Combres
|g illustrations de Diego Aranega
|
| 207 |
|
1 |
|a
|
| 210 |
|
|
|a Paris
|c Gallimard-Jeunesse
|d 2008
|
| 215 |
|
|
|a 64 p.
|c illustrations en couleur
|d 19 cm
|
| 225 |
1 |
|
|a Les clés de l'info
|
| 330 |
|
|
|a Quatre dossiers d'actualité permettent d'appréhender la Chine d'aujourd'hui : Mao, Hu Jintao, économie chinoise, dynamisme et incertitudes, qualité de vie et libertés publiques en Chine, Chine sur la scène internationale. Contient un lexique de mots-clés, des encarts récapitulatifs et des extraits de textes pour approfondir le sujet.
|
| 700 |
|
0 |
|a Combres
|b Elisabeth
|f 1967-....
|4 70
|
| 702 |
|
0 |
|a Aranega
|b Diego
|4 440
|
| 900 |
|
|
|a Documentaire jeunesse
|
| 901 |
|
|
|a Accessible au prêt
|
| 995 |
|
|
|a BD 13
|b 156
|c Bibliothèque
|f 00156007187602
|h 00156007187602
|k E 951 COM
|o p
|q j
|r az
|e BD 13
|